01385nam a2200241Ia 4500001000900000003001000009008004100019040002500060041001300085100001900098245001600117250001100133260007800144300002800222500026200250501011400512520026200626650004300888942000700931957000600938999004100944952015800985L085-431IT-CnALBA170116s9999||||xx |||||||||||||| ||und|| aIT-CnALBAcIT-CnALBA aITALIANO aORIANI ALFREDO 0aBICICLETTA  a2a ed. a FIRENZEbCAPELLI EDITORE c1931 [1° Ed.:1890 - Ed.Ling.Originale: 1890] a342 p. (prefazione: 13) aCURATORE BENITO MUSSOLINI. PREFAZIONE DI PAPINI. UOMO CHE PARLA AGLI UOMINIE CHE SA DI NON ESSERE COMPRESO.PROBLEMI DELL'ANIMA. EROI INFERMITÀ DELLO SPIRITO. SORPRESE DELLA STORIA. APOLOGIA SPORTIVA MALINCONIA. PAESAGGI TOSCANI. IL TITOLO BICICLETTA E UN  aSocietà San Paolo EM - Piazza San Paolo, 14 - 12051 ALBA (CN) (non commercial uses only) ® Copyright 2017 aCURATORE BENITO MUSSOLINI. PREFAZIONE DI PAPINI. UOMO CHE PARLA AGLI UOMINIE CHE SA DI NON ESSERE COMPRESO.PROBLEMI DELL'ANIMA. EROI INFERMITÀ DELLO SPIRITO. SORPRESE DELLA STORIA. APOLOGIA SPORTIVA MALINCONIA. PAESAGGI TOSCANI. IL TITOLO BICICLETTA E UN  aRACCOLTE DI CARATTERE GEN. IN ITALIANO cBK 71 a530bSI g Copie: 1 c259667d259667 0010406L_08543171aALBAbALBAd2017-01-16l0oL085-431r2017-01-16 00:00:00w2017-01-16yBKz(data import: 16 gennaio 2017) - By Epidotti, Vaglietti.